00000000nam##2200000za#4500
0019.694932
003CaOODSP
00520250319160540
007cr |||||||||||
008150407|2005||||xxc|||||o    f|0| 0 eng|d
040 |aCaOODSP|beng
043 |an-cn---
0861 |aPS18-3/2005E-PDF
1101 |aCanada. |bPublic Safety Canada.
24510|aInternational comparison of Indigenous policing models / |h[electronic resource]|c[by] Savvas Lithopoulos.
260 |aOttawa - Ontario : |bPublic Safety Canada |c2007.
300 |a34p.|breferences
500 |a"This paper provides a brief review of current policing programs and initiatives relating to Indigenous peoples in Canada, the United States, Australia and New Zealand. These countries were selected due to similarities in their colonial history, laws, political structures and the socio-economic outcomes of their respective Indigenous peoples."--Page 2 of 34, Introduction.
590 |a12-29-Supp|b2012-06-25
69007|aIndigenous policing|2gcpds
7201 |aLithopoulos, Savvas
77508|tÉtude comparative des modèles de police des Indigènes au Canada, aux États-Unis, en Australie et en Nouvelle-Zélande / |w(CaOODSP)9.639106
85640|ahttp://publications.gc.ca|qPDF|s232 KB|uhttps://publications.gc.ca/collections/collection_2011/sp-ps/PS18-3-2005-eng.pdf